| 000 | 01858cam a2200433 a 4500 | ||
|---|---|---|---|
| 001 | hotairalltalkall00kurt | ||
| 003 | CaSfIA | ||
| 005 | 20210118100901.0 | ||
| 007 | cr|||| | ||
| 008 | 970403s1997 nyu b 001 0 eng | ||
| 010 | _a 97014259 | ||
| 040 |
_aDLC _cDLC _dBAKER _dNLGGC _dBTCTA _dYDXCP _dOCLCG _dCaSfIA |
||
| 020 | _a0465030742 | ||
| 020 | _a9780465030743 | ||
| 035 | _a(OCoLC)36713256 | ||
| 043 | _an-us--- | ||
| 050 | 0 | 0 |
_aPN1992.8.T3 _bK87 1997 |
| 082 | 0 | 0 |
_a791.45/6 _221 |
| 084 |
_a05.30 _2bcl |
||
| 100 | 1 |
_aKurtz, Howard, _d1953- |
|
| 245 | 1 | 0 |
_aHot air : _h[electronic resource] _ball talk, all the time / _cHoward Kurtz. |
| 250 | _a1st ed. | ||
| 260 |
_aNew York : _bBasic Books, _cc1997. |
||
| 300 |
_aviii, 423 p. ; _c21 cm. |
||
| 504 | _aIncludes bibliographical references (p. 291-405) and index. | ||
| 650 | 0 |
_aTelevision talk shows _xUnited States. |
|
| 650 | 1 | 7 |
_aTelevisieprogramma's. _2gtt |
| 650 | 1 | 7 |
_aRadioprogramma's. _2gtt |
| 650 | 1 | 7 |
_aPraatprogramma's. _2gtt |
| 856 | 4 | 2 |
_3Contributor biographical information _uhttp://www.loc.gov/catdir/enhancements/fy0831/97014259-b.html |
| 856 | 4 | 2 |
_3Publisher description _uhttp://www.loc.gov/catdir/enhancements/fy0831/97014259-d.html |
| 856 | 4 | 1 |
_uhttp://www.archive.org/details/hotairalltalkall00kurt _zFree eBook from the Internet Archive |
| 856 | 4 | 2 |
_uhttp://www.openlibrary.org/books/OL668467M _zAdditional information and access via Open Library |
| 029 | 1 |
_aNLGGC _b191058912 |
|
| 029 | 1 |
_aAU@ _b000013174948 |
|
| 942 | _cEB | ||
| 506 | _fНеобхідна авторизація на https://archive.org/ (створення облікового запису безкоштовно) | ||
| 506 | _fНеобхідна авторизація на https://openlibrary.org/ (створення облікового запису безкоштовно) | ||
| 999 |
_c507914 _d507914 |
||